Efektívnosť vynaloženej štátnej pomoci v poľnohospodárstve krajín Európskej únie

Všeobecné aspekty posudzovania štátnej pomoci v priemysle. Štátna pomoc poskytovaná poľnohospodárom. Ciele spoločnej poľnohospodárskej politiky. Posudzovanie adresnosti a efektívnosti štátnej pomoci poľnohospodárom.

Enregistré dans:
Détails bibliographiques
Auteur principal: Tomanovičová, Jana
Format: Chapitre de livre
Langue:slovaque
Sujets:
Tags: Ajouter un tag
Pas de tags, Soyez le premier à ajouter un tag!

MARC

LEADER 00000naa$a2200000$$$4500
001 0084573
005 20230918091806.8
041 0 |a slo 
044 |a SK 
245 1 0 |a Efektívnosť vynaloženej štátnej pomoci v poľnohospodárstve krajín Európskej únie  |c Jana Tomanovičová 
520 |a Všeobecné aspekty posudzovania štátnej pomoci v priemysle. Štátna pomoc poskytovaná poľnohospodárom. Ciele spoločnej poľnohospodárskej politiky. Posudzovanie adresnosti a efektívnosti štátnej pomoci poľnohospodárom. 
610 2 0 |a Európska únia 
610 2 0 |a priemysel 
610 2 0 |a poľnohospodárstvo 
610 2 0 |a pomoc štátna 
610 2 0 |a dotácie 
610 2 0 |a politika poľnohospodárska 
610 2 0 |a efektívnosť ekonomická 
100 1 |a Tomanovičová, Jana